| 000 | 00689nam a2200253Ia 4500 | ||
|---|---|---|---|
| 008 | 200601s9999 xx 000 0 und d | ||
| 020 | _a981-261-134-7 | ||
| 050 | _aREF DS 658 | ||
| 050 | _b.C66 2005 | ||
| 100 | _aCooper, Robert. | ||
| 245 | 0 | _aCultureshock! : | |
| 245 | 0 | _bThailand / | |
| 245 | 0 | _cRobert Cooper. | |
| 260 | _aSingapore : | ||
| 260 | _bMarshall Cavendish Editions, | ||
| 260 | _c2005 | ||
| 300 | _a350 pages : | ||
| 300 | _billustrations (some color) ; | ||
| 300 | _c22 cm. | ||
| 440 | _aCultureshock! | ||
| 500 | _aIncludes bibliographical references and index. | ||
| 650 | _aEtiquette -- Thailand | ||
| 650 | _xThailand -- Social life and customs. | ||
| 999 |
_c363297 _d363297 |
||